000 00292nam a22001217a 4500
020 _a0471414255
082 _222
_a338.83621398
100 _aPaulson, Ed.
245 _aInside cisco /
260 _bJohn willey and sons, inc,
_cc 2001,
300 _axiv, 286 p, ;
_bNA
_c24 cm.
942 _2ddc
_cIT
999 _c3795
_d3795